| Tag |
First Indicator |
Second Indicator |
Subfields |
| LEADER |
00000cam a2200000 a 4500 |
| 001 |
in00001028565 |
| 005 |
20150928120557.0 |
| 008 |
890818s1989 wiu b f000 0 eng d |
| 010 |
|
|
|a (DG91084412
|
| 035 |
|
|
|a (OCoLC)20214076
|
| 035 |
|
|
|9 AFF6701AM
|
| 040 |
|
|
|d OCL
|d GPO
|d DLC
|d UtOrBLW
|
| 043 |
|
|
|a n-us---
|
| 074 |
|
|
|a 83-B-6
|
| 086 |
0 |
|
|a A 13.88:FPL-GTR-62
|
| 100 |
1 |
|
|a LeVan, Susan,
|d 1950-
|
| 245 |
1 |
0 |
|a Choosing and applying fire-retardant-treated plywood and lumber for roof designs /
|c Susan LeVan, Mary Collet.
|
| 264 |
|
1 |
|a Madison, WI :
|b U.S. Dept. of Agriculture, Forest Service, Forest Products Laboratory,
|c [1989]
|
| 300 |
|
|
|a 11 pages ;
|c 28 cm.
|
| 336 |
|
|
|a text
|b txt
|2 rdacontent
|
| 337 |
|
|
|a unmediated
|b n
|2 rdamedia
|
| 338 |
|
|
|a volume
|b nc
|2 rdacarrier
|
| 490 |
1 |
|
|a Research note FPL-GTR ;
|v 62
|
| 500 |
|
|
|a Shipping list number: 89-423-P.
|
| 504 |
|
|
|a Includes bibliographical references (pages 10-11).
|
| 500 |
|
|
|a "June 1989"--Title page verso.
|
| 650 |
|
0 |
|a Roofing
|z United States.
|
| 650 |
|
0 |
|a Fireproofing of wood.
|
| 700 |
1 |
|
|a Collet, Mary.
|
| 710 |
2 |
|
|a Forest Products Laboratory (U.S.)
|
| 740 |
0 |
|
|a Choosing and applying fire retardant treated plywood and lumber for roof designs.
|
| 830 |
|
0 |
|a Research note FPL ;
|v 62.
|
| 999 |
|
|
|a MARS
|
| 999 |
f |
f |
|s 0e67b082-7a02-3b17-8ec0-6e4f96588555
|i 999c6715-e707-3104-818a-b27cce6b23ec
|t 0
|
| 952 |
f |
f |
|p normal
|a Texas A&M University
|b College Station
|c Sterling C. Evans Library
|d Evans: US Documents (Annex 5th floor)
|t 0
|e A 13.88:FPL-GTR-62
|h Superintendent of Documents classification
|i unmediated -- volume
|m A14814887835
|
| 998 |
f |
f |
|a A 13.88:FPL-GTR-62
|t 0
|l Evans: US Documents (Annex 5th floor)
|